| 000 | 00461nam a22001577a 4500 | ||
|---|---|---|---|
| 999 |
_c524937 _d524937 |
||
| 003 | NUST | ||
| 038 | _aMr. Zahoor | ||
| 082 | _a005.1 | ||
| 100 |
_aFariha Tauseef _915739 |
||
| 245 |
_aDETECTION OF HEART DISEASE USING DECISION TREE METHOD / _cFariha Tauseef |
||
| 260 |
_aIslamabad : _bCEME - NUST, _c2018. |
||
| 300 |
_av, 61 p. : ill. ; _c30 cm. |
||
| 500 | _aHardcover. | ||
| 600 |
_aComputer and Software Engineering - MS Thesis _915728 |
||
| 942 |
_2ddc _cTHE |
||